Catálogo

Compilación de normas y criterios en materia de transparencia, acceso a la información pública y protección de datos personales de la Suprema Corte de Justicia de la Nación / (Registro nro. 42098)

Detalles MARC
000 -LEADER
fixed length control field 01529cam a2200337 i 4500
001 - CONTROL NUMBER
control field 42098
003 - CONTROL NUMBER IDENTIFIER
control field Mx-PuUPA
005 - DATE AND TIME OF LATEST TRANSACTION
control field 20260122101609.0
008 - FIXED-LENGTH DATA ELEMENTS--GENERAL INFORMATION
fixed length control field 140415s2011 mx grlg 000 0 spa d
020 ## - INTERNATIONAL STANDARD BOOK NUMBER
International Standard Book Number 9786074683042
040 ## - CATALOGING SOURCE
Original cataloging agency Mx-PuUPA
Language of cataloging spa
Transcribing agency Mx-PuUPA
Modifying agency Mx-PuUPA
Description conventions rda
041 0# - LANGUAGE CODE
Language code of text/sound track or separate title spa
043 ## - GEOGRAPHIC AREA CODE
Geographic area code n-mx---
110 1# - MAIN ENTRY--CORPORATE NAME
Corporate name or jurisdiction name as entry element México.
Subordinate unit Suprema Corte de Justicia.
9 (RLIN) 6295
Relator term autor
245 10 - TITLE STATEMENT
Title Compilación de normas y criterios en materia de transparencia, acceso a la información pública y protección de datos personales de la Suprema Corte de Justicia de la Nación /
Statement of responsibility, etc. Suprema Corte de Justicia de la Nación
250 ## - EDITION STATEMENT
Edition statement Séptima edición /
Remainder of edition statement noviembre
264 #1 - PRODUCTION, PUBLICATION, DISTRIBUTION, MANUFACTURE, AND COPYRIGHT NOTICE
Place of production, publication, distribution, manufacture México, D.F. :
Name of producer, publisher, distributor, manufacturer Suprema Corte de Justicia de la Nación,
Date of production, publication, distribution, manufacture, or copyright notice 2011
300 ## - PHYSICAL DESCRIPTION
Extent xxv, 987 páginas ;
Dimensions 22 cm
336 ## - CONTENT TYPE
Fuente rdacontent
Content type term texto
Content type code txt
337 ## - MEDIA TYPE
Source rdamedia
Media type term sin medio
Media type code n
338 ## - CARRIER TYPE
Source rdacarrier
Carrier type term volumen
Carrier type code nc
500 ## - GENERAL NOTE
General note "Unidad de Enlace para la Transparencia". -- Cubierta y portada.
650 #7 - SUBJECT ADDED ENTRY--TOPICAL TERM
Source of heading or term armarc
Topical term or geographic name entry element Derecho a la información
General subdivision Principio de publicidad
650 #7 - SUBJECT ADDED ENTRY--TOPICAL TERM
Source of heading or term armarc
Topical term or geographic name entry element Acuerdos de la Suprema Corte de Justicia de la Nación
General subdivision Criterios
650 #7 - SUBJECT ADDED ENTRY--TOPICAL TERM
Source of heading or term armarc
Topical term or geographic name entry element Transparencia gubernamental
Form subdivision Legislación
Geographic subdivision México
650 #7 - SUBJECT ADDED ENTRY--TOPICAL TERM
Source of heading or term armarc
Topical term or geographic name entry element Protección de datos personales
General subdivision Derecho a la intimidad personal
651 #4 - SUBJECT ADDED ENTRY--GEOGRAPHIC NAME
Geographic name México
General subdivision Suprema Corte de Justicia de la Nación
-- Acceso a la información pública
942 ## - ADDED ENTRY ELEMENTS (KOHA)
Source of classification or shelving scheme Dewey Decimal Classification
Koha item type Libro
Classification part 342.720662
Item part C72
Existencias
Withdrawn status Lost status Source of classification or shelving scheme Damaged status Not for loan Collection code Home library Current library Shelving location Date acquired Total Checkouts Full call number Barcode Date last seen Price effective from Koha item type
    Dewey Decimal Classification     General Tehuacán Tehuacán Sala general 22/01/2026   342.720662 C72 2011 968000002838 22/01/2026 22/01/2026 Libro